| 000 | 00925nam a2200241 a 4500 | ||
|---|---|---|---|
| 999 |
_c9567 _d9567 |
||
| 001 | 9567 | ||
| 003 | BD-JhCC | ||
| 005 | 20180319180806.0 | ||
| 008 | 180319s2007 bg a|||| ||a| 001 0 be d | ||
| 020 | _a984300000966 | ||
| 035 | _a(BD-JhCC)9567 | ||
| 040 |
_aBD-JhCC _dBD-JhCC |
||
| 041 | _aben | ||
| 082 |
_a954.92 _bPRO 2007 |
||
| 245 |
_aপ্রত্নতাত্ত্বিক ঐতিহ্য / _cসম্পাদনায় সুফি মোস্তাফিজুর রহমান |
||
| 260 |
_aঢাকা: _bবাংলাদেশ এশিয়াটিক সোসাইটি ; _c2007. |
||
| 300 |
_a560 p. : _c24 cm. |
||
| 490 | _aবাংলাদেশ সাংস্কৃতিক সমীক্ষামালা -১ | ||
| 650 |
_aArchaeological _zBangladesh |
||
| 700 | _aরহমান, সুফি মোস্তাফিজুর | ||
| 942 |
_2ddc _cBK |
||